LEADER 02497nam a2200433 a 4500 001 000000108950 003 CaOOAMICUS 005 20080110101809.0 008 080110s2007 it foa 001 u ita d 020 $z978-88-452-5840-4* 040 $aPUG$bita$dip$dPUL$dLDB 041 1 $aita$alat$hlat 100 1 $aMacrobius, Ambrosius Aurelius Theodosius,$dsec. IV.$0(OLS)http://pul/name/6588 245 10$aCommento al sogno di Scipione /$cMacrobio ; saggio introduttivo di Ilaria Ramelli ; traduzione, bibliografia, note e apparati di Moreno Neri ; In appendice: Il sogno di Scipione (con testo latino a fronte) / Marco Tullio Cicerone. Sogni e magnanimitą nelle arti (con iconografia scipioniana) / Moreno Neri. Scipione / Paolo Antonio Rolli. Il sogno di Scipione / Pietro Metastasio. 260 $aMilano :$bBompiani,$c2007. 300 $a913 p., lxxix :$bfotogr., ill. (alcune color.) ;$c22 cm. 490 1 $aBompiani Il pensiero occidentale 504 $aInclude indici e bibliografia. 546 $aTraduzione italiana con testo latino a fronte. 700 1 $aRamelli, Ilaria.$0(OLS)http://pul/name/55739 700 1 $aMacrobius, Ambrosius Aurelius Theodosius,$dsec. IV.$tIn somnium Scipionis.$0(OLS)http://pul/nameTitle/671$0(OLS)http://pul/name/6588$0(OLS)http://pul/title/137084 700 1 $aMetastasio, Pietro,$d1698-1782$tIl sogno di Scipione.$0(OLS)http://pul/name/66726 700 1 $aCicero, Marcus Tullius,$d106-43 a.C$tDe re publica.$0(OLS)http://pul/name/66728 700 1 $aRolli, Paolo Antonio$tScipione.$0(OLS)http://pul/name/66727 700 1 $aNeri, Moreno$tSogni e magnanimitą nelle arti.$0(OLS)http://pul/name/66725 740 32$aIl sogno di Scipione. 740 02$aScipione. 740 02$aSogni e magnanimitą nelle arti. 830 0$aBompiani Il pensiero occidentale.$0(OLS)http://pul/title/99836 850 $aPUL 852 $aPUL$W1$xSL Filosofia 3$y81$m190 COLL 2.47$j124543$qDDC 21$q $B123156$CPULBib$Z2$F123156 $H106065 $81 941 1 $a9 983 3$aIl pensiero occidentale (Bompiani) 996 $6020$z978-88-452-5840-4*$9(OLS)http://pul/number/136657 996 $6245$aCommento al sogno di Scipione$9(OLS)http://pul/title/137083 996 $6740$aIl sogno di Scipione$9(OLS)http://pul/title/137085 996 $6740$aScipione$9(OLS)http://pul/title/137086 996 $6740$aSogni e magnanimitą nelle arti$9(OLS)http://pul/title/137087 996 $6260$aMilano :$bBompiani$9(OLS)http://pul/publisher/48240 LEADER 01247nam a2200277 a 4500 001 000000166164 003 CaOOAMICUS 005 20180223105412.0 008 180223s2017 it frm z000 u ita r 032 $aLibriCat 040 $aPUL$bita 100 1 $aDe Angelis, Raffaele.$0(OLS)http://pul/name/107127 245 13$aLa comunicazione della diagnosi infausta al paziente: $bproblematiche e valutazioni etiche /$cRaffaele De Angelis. 260 $aRoma :$b[s.n.],$c2017. 300 $a77 p. ;$c24 cm 502 $aEstratto da Tesi -- Pontificia Universitą Gregoriana. Facoltą di teologia, 2017. 504 $aBibliografia: p.[47]-73. 650 4$aTeologia morale.$0(OLS)http://pul/subject/1500 650 4$aEtica medica.$0(OLS)http://pul/subject/38158 710 2 $aPontificia Universitą Gregoriana.$bFacoltą di teologia.$kTesi.$0(OLS)http://pul/name/81592 850 $aPUL 852 $aPUL$W1$xDP1 Tesi Pon. Univ. Gregoriana$y40$m2017 B 5$j186328$qTesi$B193576$CPULBib$Z2$F193576 $81 941 1 $a16 996 $6245$aLa comunicazione della diagnosi infausta al paziente: $bproblematiche e valutazioni etiche$9(OLS)http://pul/title/205884 996 $6260$aRoma :$b[s.n.]$9(OLS)http://pul/publisher/47958